| 000 | 01155nas a2200313 4500 | ||
|---|---|---|---|
| 001 | BR2015004673 | ||
| 003 | BR-BrBNA | ||
| 005 | 20231205125714.0 | ||
| 007 | ta | ||
| 008 | 230509b bl.|||p| |||| 00| 00por d | ||
| 040 |
_aBR-BrBNA _bpor _cBiblioteca Nacional de Agricultura |
||
| 041 | _a(Pt) | ||
| 072 | _aH20 | ||
| 100 | 1 | _aSanto, A.F. | |
| 100 | 1 | _aTeramoto, A. | |
| 100 | 1 | _aMachado, M. de C. | |
| 100 | 1 | _aSantana, P. | |
| 100 | 1 | _aCavalcante, P.R. | |
| 100 | 1 | _aPires, L.L. | |
| 111 | 1 |
_a16. Congresso Brasileiro de Floricultura e Plantas Ornamentais; 3. Congresso Brasileiro de Cultura de Tecidos de Plantas; 1. Simpósio de Plantas Ornamentais Nativas _cGoiânia, GO (Brazil) _d10-15 Sep 2007 |
|
| 245 | 1 | _aIdentificação de fungo patogênico em plantas de tango (Solidago canadensis) | |
| 650 | _aCONTAMINAÇÃO FÚNGICA | ||
| 650 | _aPLANTA ORNAMENTAL | ||
| 650 | _aDOENÇA DE PLANTA | ||
| 650 | _aFLOR PARA CORTE | ||
| 773 | 0 |
_tRevista Brasileira de Horticultura Ornamental (Brazil) _xISSN 1809-6093 _g(Sep 2007), v. 13(Suplemento) p. 243 _wBR2015004673 |
|
| 909 |
_a202311 _bLúcia _c55 _dLúcia Elande |
||
| 942 |
_2AGRIS _n0 _cANA |
||
| 999 |
_c245672 _d245672 |
||